000 00242 a2200109 4500
001 68597
040 _cAnchieta - Itaigara
240 1 0 _aOs domínios do leão
_l
245 1 0 _aOs domínios do leão
650 4 _aGeografia e viagens
942 _cMX
999 _c68597
_d68597